000 01109nam a2200121Ia 4500
008 220620s9999||||xx |||||||||||||| ||und||
245 0 _aLayered Double Hydroxides (LDHs)
546 _aEnglish[eng]
650 _alayered double hydroxides||reconstruction||curcumin||drug release||wastewater||heavy metals removal||sol–gel processing||alkaline earth metals||mixed metal oxides||reconstruction effect||surface properties||nanocomposites||nanofillers||thermal stability||flammability||polymer matrix||HC||hydrothermal synthesis||layered double hydroxide||AFm phase||calcium hemicarboaluminate||cement phases||cement hydration||C3AH6||C4ACH11||katoite||microwave-assisted organic synthesis||biofuel production||rehydrated hydrotalcite||heterogeneous basic catalysis||green chemistry||mechanochemistry||bead mill||synthesis||wet grinding||layered double hydroxides (LDHs)||other nanoclays||organically modified LDH||water purification||adsorption||adsorption interaction||diffusion||n/a
700 _aPizzoferrato, Roberto||Richetta, Maria
856 _uhttps://mdpi.com/books/pdfview/book/3567
942 _cEB
999 _c34579
_d34579